000 00219nam a2200085Ia 4500
245 0 _aBone man's daughters
100 _a Dekker, Ted London, 2009
_990620
942 _cBK
008 210817s9999 xx 000 0 und d
999 _c364608
_d364607